|
|
|
|
| LEADER |
00000nam a2200000 a 4500 |
| 001 |
vtls001423394 |
| 003 |
SK-MaSNL |
| 005 |
20260301162440.0 |
| 008 |
240318s1969 xx 0 und |
| 035 |
|
|
|a SNK000378267
|
| 040 |
|
|
|a SNK
|b slo
|c SNK
|e AACR2
|
| 100 |
1 |
|
|a Smetana, Oldřich,
|d 1901-1978
|4 aut
|9 6364
|
| 245 |
1 |
0 |
|a Entomologická bibliografie Československa 1951-1960
|
| 260 |
|
|
|a Praha
|b Academia
|c 1969
|
| 300 |
|
|
|a 329 s.
|
| 958 |
|
|
|a OND
|
| 999 |
|
|
|c 813251
|d 815181
|
| 952 |
|
|
|a SNK
|b SNK
|y VYP
|7 0
|p 17A0708094
|o snkIC 44139 D1
|i snkKIP 3037/69
|0 0
|1 1
|4 0
|d 2011-07-15
|l 0
|r 2026-02-24 02:42:14
|w 2026-02-24
|
| 952 |
|
|
|t P60, <04>, [BOOK], {604}
|a SNK
|b SNK
|y VYP
|7 0
|p 17A0319578
|o snkIC 44139
|0 0
|1 0
|4 0
|d 2001-11-02
|l 0
|r 2005-01-02 00:00:00
|w 2026-02-24
|